Diccionario mapuche básico

Guardado en:
Formato: Libro
Publicado: Bahía Blanca : Goudelias, 1987
Edición:ed.ición bilingue
Materias:
Etiquetas: Agregar Etiqueta
Sin Etiquetas, Sea el primero en etiquetar este registro!
LEADER 00472nam a22001695a 4500
001 CEM.cems008967
005 20090918093742.0
008 130507s1987##################000#0#####d
003 CEMS
082 0 4 |a C498.273 
245 0 0 |a Diccionario mapuche básico 
250 |a ed.ición bilingue 
260 |a Bahía Blanca :  |b Goudelias,  |c 1987 
300 |a 236 p. 
653 |a Diccionarios 
653 |a Mapuche-diccionario 
859 |a CEMS  |b BIB. CEMS - 11 de abril  |h C498.273  |i C333  |p 18538.95  |t Ej.1